| 000 | 01588cam a22003733a 4500 | ||
|---|---|---|---|
| 001 | 13470287 | ||
| 005 | 20070509154144.0 | ||
| 008 | 010507t20001984nyu 000 1 eng d | ||
| 010 | _a 2004563734 | ||
| 020 | _a9780425105702 | ||
| 035 | _a(OCoLC)ocm46889242 | ||
| 040 |
_aWRR _cWRR _dOCLCQ _dDLC |
||
| 042 | _alccopycat | ||
| 050 | 0 | 0 | _aCPB Box no. 2108 vol. 7 |
| 082 |
_222 _a823.912 _bCHR |
||
| 100 | 1 |
_aChristie, Agatha, _d1890-1976. _914429 |
|
| 240 | 1 | 0 | _aPatriotic murders |
| 245 | 1 | 0 |
_aOne, Two, Buckle My Shoe : _ba Hercule Poirot novel / _cAgatha Christie. |
| 246 | 3 | _a1, 2, buckle my shoe | |
| 250 | _aBerkley ed. | ||
| 260 |
_aNew York : _bBerkley Books, _c[2000], c1984. |
||
| 300 |
_a246 p. ; _c18 cm. |
||
| 490 | 0 |
_aA Hercule Poirot novel _914436 |
|
| 500 | _a"Also published as The patriotic murders and An overdose of death " | ||
| 650 | 0 |
_aPoirot, Hercule (Fictitious character) _vFiction. _914430 |
|
| 650 | 0 |
_aDetective and mystery stories, English _914434 |
|
| 655 |
_vx _914435 |
||
| 710 | 2 |
_aCopyright Paperback Collection (Library of Congress) _5DLC _914432 |
|
| 856 | 4 | 2 |
_3Contributor biographical information _uhttp://www.loc.gov/catdir/enhancements/fy0717/2004563734-b.html |
| 856 | 4 | 2 |
_3Publisher description _uhttp://www.loc.gov/catdir/enhancements/fy0717/2004563734-d.html |
| 942 |
_2ddc _cBB |
||
| 999 |
_c14032 _d14032 |
||